000
00321nam a2200145Ia 4500
100
_a
D.G.E.T. Minstry (Cimi)
650
_a
Fitter
490
_v
ITI
942
_c
BK
654
_a
Fitter
245
_a
Fitter 1st Year Trade Practicals
260
_b
Wiley eastern
_a
NEW DELHI
_c
1993
300
_a
408
546
_a
ENGLISH
999
_c
32040
_d
32040